01229nam a22003015i 45000010009000000050017000090080041000260100015000670200043000820200015001250400028001400820021001681000027001892450063002162500012002792600060002913000049003514900021004005000024004216500039004456500042004846530024005266550024005509420021005749990017005959520157006129520158007691812606220150114153053.0140423t2015 xxuao fr 001 0 eng d a2014939190 a9781305109919 (softcover : alk. paper) a1305109910 aDLCbengcDLCdEG-ScBUE00222a005.133bDAW1 aDawson, Michael93653710a Beginning C++ through game programming /cMichael Dawson. a4th ed. aBoston, United States :bCengage Learning PTR,cc.2015. axxi, 390 p. :bphotographs, tables ;c23 cm.0 aGame Development aIndex : p. 375-390. 0912480aComputer gamesxProgramming 093406aC++ (Computer program language) bCOMSCIcJanuary2015 vreading book934232 2ddck005.133 DAW c18880d18852 00102ddc40708BaccahaMAINbMAINcLOWd2015-01-14epurchaseg320.00h21291l3m2o005.133 DAWp000037302r2025-07-15 00:00:00s2024-10-28v400.00yBB 00102ddc40708BaccahaMAINbMAINcLOWd2015-01-14epurchaseg320.00h21291l4m31o005.133 DAWp000037303r2025-07-15 00:00:00s2023-11-16v400.00yBB